000 00769nam a2200241Ia 4500
003 OSt
005 20220923221537.0
006 a|||||r|||| 00| 0
007 ta
008 220922b |||||||| |||| 00| 0 hin d
024 _a198,040
037 _cTextual
040 _aARTS
_cARTS
_bhin
041 _2hin
_ahin
082 _aO1528,1J49w, 152M4
100 _aसारस्वत, रावत
_9156275
245 0 _aप्रिथी राज राठौड़
246 _aPrithī rāj rāṭhauड़
260 _aनई दिल्ली
_b साहित्य अकादमी
_c1984
300 _a106पृ.
_ccm.
942 _hO1528,1J49w, 152M4
_cTEXL
_2CC
999 _c349910
_d349910